000 00811nam a2200169 i 4500
001 153857
003 ES-MaACL
005 20230906205416.0
008 990126s1886 sp |||| | spa d
040 _aCCPB | B
_bspa
_cCCPB | B
080 _a912(966 Carolinas, islas):656.618
245 0 0 _aInstrucciones para la navegación del Archipiélago de las Carolinas, incluyendo el grupo de las Palaos
_b: traducido de la publicación oficial inglesa de 1885, volumen I, Pacific Islands, y aumentada con las noticias posteriores existentes en la Dirección de Hidrografía.
260 _aMadrid :
_bDirección de Hidrografía,
_c1886 (
_fImp. de Fortanet)
300 _a54 p. ;
_c25 p.
650 4 _aDerroteros-
_zCarolinas (Islas)
_9157086
852 _aES-MaACL
_jG-11303
_z. - Enc. hol., conservando cub. original
999 _c153857
_d153857